<?xml version='1.0' encoding='UTF-8'?>
  <record xmlns="http://www.loc.gov/MARC21/slim">
    <leader>00000cam a22000007i 4500</leader>
    <controlfield tag="001">ocm69054611</controlfield>
    <controlfield tag="003">OCoLC</controlfield>
    <controlfield tag="005">20250416234059.1</controlfield>
    <controlfield tag="008">960117s1552    ne            000 0 lat d</controlfield>
    <datafield tag="040" ind1=" " ind2=" ">
      <subfield code="a">NLGGC</subfield>
      <subfield code="b">dut</subfield>
      <subfield code="e">fobidrtb</subfield>
      <subfield code="c">NLGGC</subfield>
      <subfield code="d">OCLCO</subfield>
      <subfield code="d">OCLCL</subfield>
      <subfield code="d">OCLCQ</subfield>
    </datafield>
    <datafield tag="029" ind1="0" ind2=" ">
      <subfield code="a">NLGGC</subfield>
      <subfield code="b">144260778</subfield>
    </datafield>
    <datafield tag="035" ind1=" " ind2=" ">
      <subfield code="a">(OCoLC)69054611</subfield>
    </datafield>
    <datafield tag="100" ind1="1" ind2=" ">
      <subfield code="a">Hortensius, Lambertus,</subfield>
      <subfield code="d">1500-1574.</subfield>
      <subfield code="1">https://id.oclc.org/worldcat/entity/E39PBJx4pFmrkbGWFxYGWVjgrq</subfield>
    </datafield>
    <datafield tag="245" ind1="1" ind2="0">
      <subfield code="a">Lamberti Hortensii montfortii Satyrae, VIII. ad ... D. Theodoricum Zulenũ, D. à Zeuender &amp;c. equitem auratum. :</subfield>
      <subfield code="b">Eiusdem Epithalamiorum liber.</subfield>
    </datafield>
    <datafield tag="246" ind1="3" ind2=" ">
      <subfield code="a">Lamberti Hortensii montfortii Satyrae, 8. ad ... D. Theodoricum Zulenum, D. à Zevender &amp;c. equitem auratum</subfield>
    </datafield>
    <datafield tag="246" ind1="3" ind2=" ">
      <subfield code="a">Satyrae, VIII.</subfield>
    </datafield>
    <datafield tag="246" ind1="3" ind2=" ">
      <subfield code="a">Epithalamiorum liber</subfield>
    </datafield>
    <datafield tag="260" ind1=" " ind2=" ">
      <subfield code="a">Vltraiecti. :</subfield>
      <subfield code="b">Harmannus Borculous excudebat,</subfield>
      <subfield code="c">1552.</subfield>
    </datafield>
    <datafield tag="300" ind1=" " ind2=" ">
      <subfield code="a">[88] p. :</subfield>
      <subfield code="b">ill. ;</subfield>
      <subfield code="c">in-8.</subfield>
    </datafield>
    <datafield tag="336" ind1=" " ind2=" ">
      <subfield code="a">tekst</subfield>
      <subfield code="b">txt</subfield>
      <subfield code="2">rdacontent/dut</subfield>
    </datafield>
    <datafield tag="337" ind1=" " ind2=" ">
      <subfield code="a">zonder medium</subfield>
      <subfield code="b">n</subfield>
      <subfield code="2">rdamedia/dut</subfield>
    </datafield>
    <datafield tag="338" ind1=" " ind2=" ">
      <subfield code="a">band</subfield>
      <subfield code="b">nc</subfield>
      <subfield code="2">rdacarrier/dut</subfield>
    </datafield>
    <datafield tag="500" ind1=" " ind2=" ">
      <subfield code="a">A-E 8  F 4.</subfield>
    </datafield>
    <datafield tag="530" ind1=" " ind2=" ">
      <subfield code="a">Titel is geselecteerd voor digitalisering voor de Universiteit van Amsterdam in het kader van het Google Books-project.</subfield>
    </datafield>
    <datafield tag="710" ind1="0" ind2=" ">
      <subfield code="a">Borculo, Herman van (I, Utrecht)</subfield>
      <subfield code="4">prt</subfield>
      <subfield code="0">(NL-LeOCL)090037677</subfield>
    </datafield>
    <datafield tag="776" ind1="0" ind2=" ">
      <subfield code="t">Lamberti Hortensii montfortii Satyrae, 8. ad ... D. Theodoricum Zulenum, D. à Zevender &amp;c. equitem auratum</subfield>
      <subfield code="w">(NL-LeOCL)396788270</subfield>
    </datafield>
    <datafield tag="936" ind1=" " ind2=" ">
      <subfield code="a">BATCHLOAD</subfield>
    </datafield>
  </record>